000 00472nam a2200181Ia 4500
005 20250423101324.0
008 250422s9999 xx 000 0 und d
020 _a9789789902446
050 _aDT 515.57 .U36/
100 _aUkodie, Aaron
245 4 _aThe making of the Nigerian flagship: a story of the guardian
260 _aDubai
260 _bFlagship Publishing & Promotion
260 _c2021
300 _a590 p
650 _aNigeria--History.
942 _cBK
999 _c35967
_d35967